| 000 | 00981nam a22003017a 4500 | ||
|---|---|---|---|
| 001 | 5135 | ||
| 003 | FISKH | ||
| 005 | 20241107120402.0 | ||
| 008 | 241107b cb ||||| |||| 00| 0 eng d | ||
| 020 | _a9780545279796 | ||
| 040 |
_aFISKH _beng _cFISKH _dFISKH |
||
| 050 | _aPZ7.D439 | ||
| 082 | _a813 | ||
| 100 |
_adePaola, Tomie _d(1934–2020) |
||
| 245 |
_aStrega nona's harvest / _cTomie dePaola |
||
| 250 | _aFirst printing in 2010 | ||
| 260 |
_aNew York : _bScholastic, _c2010. |
||
| 300 |
_a31 pages : _bColor illustrations ; _c28 cm |
||
| 505 | _aP | ||
| 520 | _aAfter helping Strega Nona plant her vegetable garden just so, Big Anthony takes some extra seeds and sows another garden willy nilly, then must find a way to deal with the consequences. | ||
| 521 | 8 |
_a620L
_bLexile |
|
| 521 | 8 |
_aP
_bRaz-Plus |
|
| 650 |
_2Autumn _aSharing _vFiction |
||
| 650 |
_2Garden _aFood |
||
| 700 |
_aTamura, Marikka _dIllustrator |
||
| 942 |
_2ddc _cBK _n0 |
||
| 999 |
_c5135 _d5135 |
||